Normal view
MARC view
- Cormack, J A
Entry Personal Name
001 - CONTROL NUMBER
- control field: 7485
003 - CONTROL NUMBER IDENTIFIER
- control field: OSt
005 - DATE AND TIME OF LATEST TRANSACTION
- control field: 20250512144417.0
008 - FIXED-LENGTH DATA ELEMENTS
- fixed length control field: 250512|| aca||aabn | a|a d
040 ## - CATALOGING SOURCE
- Original cataloging agency: OSt
- Transcribing agency: OSt
100 ## - HEADING--PERSONAL NAME
- Personal name: Cormack, J A
670 ## - SOURCE DATA FOUND
- Source citation: Work cat.: (OSt)9543: Cormack, J A ., Properties and strengths of materials / , 1958.
